Economics Lab: An Intensive Course in Experimental Economics

Պահպանված է:
Մատենագիտական մանրամասներ
Հիմնական հեղինակ: Cassar, Dan Friedman
Ձևաչափ: Գիրք
Հրապարակվել է: Routledge
Ցուցիչներ: Ավելացրեք ցուցիչ
Չկան պիտակներ, Եղեք առաջինը, ով նշում է այս գրառումը!

MARC

LEADER 00000nam a2200000Ia 4500
005 20260515061615.0
100 |a Cassar, Dan Friedman 
020 |a 9780415324021 
942 |c BK 
245 |a Economics Lab: An Intensive Course in Experimental Economics 
260 |b Routledge 
999 |c 24  |d 24 
952 |0 0  |1 0  |4 0  |7 0  |a ABDN  |b ABDN  |d 2026-05-15  |l 0  |p 000072  |r 2026-05-15 06:16:15  |w 2026-05-15  |y BK